Datum a čas kvízu

28.5 Celkem bodů Celkový počet nahraných bodů na tomto kvízu bez doplňovacích otázek.
6. Pořadí na kvízu Konečné umístění týmu na tomto kvízu.

Zaznamenané odpovědi

# Otázka Odpověď Body Výsledky
1. Minulý týden jsme se dozvěděli... Wendy's 1
2. Elon Musk si mimo jiné dal za... vlastním spermatem 0
3. Na obrázku vidíme Kenzu Laili,... účastnice byly vytvořeny umělou inteligencí (AI) 0
4. Čínské úřady tento týden přist... A) hadů 0
5. V pondělí 8. července byla ozn... D 0
6. Které tvrzení o starokladrubsk... B 0
7. Ze kterého prostředí pochází k... A 1
8. Kterým jedenáctipísmenným slov... hipoterapie 1
9. Kam byste správně koni umístil... A 1
10. Koně jsou s člověkem spojení j... Moravskoslezský kraj 0